01226nam a2200265 i 450000100060000000300090000600500170001500700030003200800410003508000170007608000160009310000270010924501840013626000980032030000520041849000620047053000350053261000530056765100480062070000450066871000410071383000620075485200210081685601230083744444ES-MaACL20230906161031.0t|030321s1886 sp ||||1| spa d a271(460.353) a94(460.353)1 aCeballos, Fernando de.13aLa Itálica / cpor el R.P. maestro fr. Fernando de Zevallos, de la orden de S. Gerónimo en el Monasterio de San Isidro del Campo ; [prólogo, Francisco Collantes de Terán]. aSevilla : b[Sociedad de Bibliófilos Andaluces], c1886 (fImp. y Lit. de José Mª Ariza) aXVIII, 341 p., [1] h. de plano pleg. ; c22 cm.1 aSociedad de Bibliófilos Andaluces. Primera serie ; v18 aDisponible en formato digital.24aMonasterio de San Isidoro del Campo (Santiponce) aItálica (Ciudad desaparecida)-xHistoria.1 aCollantes de Terán Delorme, Francisco.2 aSociedad de Bibliófilos Andaluces.1 aSociedad de Bibliófilos Andaluces. Primera serie ; v18 aES-MaACLjB-5554 uhttp://www.bibliotecavirtualdeandalucia.es/catalogo/es/consulta/registro.do?id=9121zBiblioteca Virtual de Andalucía